00441nam a22001457a 4500020001800000082001600018100002300034245001900057260005400076300000800130650002000138942000700158952011300165999001700278 a81-7435-530-8 a297.2 ABD11 aAbdalati, Hammudah aIslam in Focus aNew DelhibAdam Publishers and Distributorsc2006 a323 aIslam-Doctrines cBK 00104070aHMIbHMIcGENd2018-05-31g120.00l3o297.2 ABD11p24835r2022-12-09s2022-12-02w2018-05-31yBK c21071d21071